000 00941nac a22002657a 4500
001 BR6100186
003 BR-BrBNA
005 20240105113238.0
008 230509b bl.|||m| |||| 00| 0 por d
040 _aBR-BrBNA
_bpor
_cBiblioteca Nacional de Agricultura
072 _aH20
090 _a0150 BR6100186
100 1 _aCosta, P.H. da
110 1 _aInstituto Agronomico do Sul, Pelotas, RS (Brasil)
_95634
245 1 _aOcorrencia de brusone na colecao de variedades de arroz do Instituto Agronomico do Sul 1958/1959 [Oryza sativa; Piricularia orysae; Doenca de planta; Rio Grande do Sul; Brasil]
260 3 _aPelotas, RS (Brasil):
_c1961.
300 _a22 p.
490 _aBoletim Tecnico - Instituto Agronomico do Sul (Brazil)
_vno. 34
_x
650 _aARROZ
650 _aBRUSONE
650 _aVARIEDADE RESISTENTE
650 _aRIO GRANDE DO SUL
909 _a202312
_bLúcia Elande
_c55
_dLúcia Elande
942 _2AGRIS
_n0
_cMS
999 _c262668
_d262668